[Event "Kvinde-DM 2015"]
[Site "Svendborg"]
[Date "2015.03.31"]
[Round "1.1"]
[White "Nilssen, Ellen Fredericia"]
[Black "Dalsberg, Sandra de Blecourt"]
[Result "1/2-1/2"]
[WhiteElo "1700"]
[BlackElo "2105"]
[PlyCount "54"]
[EventDate "2015.??.??"]

1. d4 d5 2. c4 c6 3. Nc3 Nf6 4. Nf3 dxc4 5. a4 Bf5 6. e3 e6 7. Bxc4 Bb4 8. O-O
O-O 9. Nh4 Nbd7 10. h3 Rc8 11. Nxf5 exf5 12. Qf3 g6 13. g4 fxg4 14. hxg4 Qe7
15. g5 Ne8 16. e4 Nd6 17. Bd3 f6 18. Qg2 Nf7 19. gxf6 Qxf6 20. e5 Qe6 21. Ne2
Nfxe5 22. dxe5 Nxe5 23. Qe4 Nf3+ 24. Kg2 Ne1+ 25. Kg1 Nf3+ 26. Kg2 Ne1+ 27. Kg1
Nf3+ 1/2-1/2

[Event "Kvinde-DM 2015"]
[Site "Svendborg"]
[Date "2015.03.31"]
[Round "1.2"]
[White "Olsen, Miriam Frida"]
[Black "Lund, Kirsten"]
[Result "1-0"]
[WhiteElo "2012"]
[BlackElo "1338"]
[PlyCount "65"]
[EventDate "2015.??.??"]

1. e4 b6 2. d4 Bb7 3. Nc3 e6 4. Nf3 c5 5. d5 exd5 6. exd5 d6 7. Bc4 Be7 8. O-O
Nf6 9. Re1 O-O 10. h3 a6 11. a4 Re8 12. Bf4 Nbd7 13. Qd3 Bc8 14. Rad1 h6 15.
Bh2 Nh7 16. Ne4 Ndf6 17. Ng3 Qd7 18. Qb3 Rb8 19. Bd3 b5 20. c4 Qc7 21. axb5
axb5 22. cxb5 Ba6 23. Nf5 Bc8 24. Nxe7+ Rxe7 25. Rxe7 Qxe7 26. Re1 Qc7 27. Qa4
Nxd5 28. Bxh7+ Kxh7 29. Qe4+ g6 30. Qxd5 Rb6 31. Re8 Be6 32. Ng5+ hxg5 33. Qxg5
1-0

[Event "Kvinde-DM 2015"]
[Site "Svendborg"]
[Date "2015.03.31"]
[Round "1.3"]
[White "Moller, Elisabeth Mechlenburg"]
[Black "Baliuniene, Margarita"]
[Result "0-1"]
[WhiteElo "1201"]
[BlackElo "1949"]
[PlyCount "56"]
[EventDate "2015.??.??"]

1. e4 c5 2. Nf3 Nc6 3. d4 cxd4 4. Nxd4 g6 5. Nc3 Bg7 6. Be3 d6 7. Bc4 Nf6 8. f3
O-O 9. Qd2 Bd7 10. O-O-O Rc8 11. Bb3 a6 12. Bh6 Nxd4 13. Qxd4 Bxh6+ 14. Kb1 Bg7
15. Qd2 b5 16. g4 b4 17. Na4 Qa5 18. g5 Nh5 19. Qd5 Qc7 20. Rdf1 e6 21. Qd3 Qa5
22. Qxd6 Bxa4 23. Bxa4 Qxa4 24. Qd2 Rfd8 25. Qe2 Nf4 26. Qf2 Bd4 27. Qd2 Bxb2
28. Qf2 Bc3 0-1

[Event "Kvinde-DM 2015"]
[Site "Svendborg"]
[Date "2015.03.31"]
[Round "1.4"]
[White "Frank Nielsen, Marie"]
[Black "Micalizio, Caterina Wul"]
[Result "1-0"]
[WhiteElo "1887"]
[BlackElo "1100"]
[PlyCount "45"]
[EventDate "2015.??.??"]

1. e4 e5 2. Nf3 d6 3. d4 Nc6 4. d5 Nce7 5. c4 Nf6 6. Nc3 g6 7. Be2 Bg7 8. O-O
O-O 9. Ne1 Bd7 10. Be3 Ne8 11. b4 f5 12. f3 f4 13. Bf2 Qc8 14. c5 a6 15. Rc1 a5
16. a3 axb4 17. axb4 Nf6 18. Nb5 Qb8 19. Qb3 Kh8 20. Nc3 Qe8 21. b5 g5 22. c6
Bc8 23. b6 1-0

[Event "Kvinde-DM 2015"]
[Site "Svendborg"]
[Date "2015.03.31"]
[Round "1.5"]
[White "Lund, Henriette"]
[Black "Vangsgaard, Freja"]
[Result "0-1"]
[WhiteElo "1030"]
[BlackElo "1792"]
[PlyCount "78"]
[EventDate "2015.??.??"]

1. d4 Nf6 2. c4 e6 3. Nf3 b6 4. g3 Bb7 5. Bg2 d5 6. b3 Be7 7. O-O O-O 8. Bb2
Nbd7 9. Nbd2 Rc8 10. Rc1 c5 11. e3 Re8 12. Ne5 Nxe5 13. dxe5 Nd7 14. Nf3 Qc7
15. Qc2 g6 16. Rfd1 Bf8 17. Bc3 Bg7 18. Qb2 Red8 19. h4 dxc4 20. bxc4 Ba6 21.
Bf1 Bb7 22. Bg2 Bxf3 23. Bxf3 Bxe5 24. Kg2 Bxc3 25. Qxc3 Ne5 26. Be2 Nc6 27. h5
Qe5 28. Qe1 Ne7 29. hxg6 hxg6 30. Qh1 Kg7 31. Rxd8 Rxd8 32. a4 Qb2 33. Re1 Rd2
34. Kf1 Rd7 35. Qg2 Qa2 36. g4 Qxa4 37. Qf3 Qc6 38. Qh3 Rd8 39. g5 Rh8 0-1

[Event "Kvinde-DM 2015"]
[Site "Svendborg"]
[Date "2015.03.31"]
[Round "1.6"]
[White "Kakulidis, Ellen"]
[Black "Wul, Lene"]
[Result "1-0"]
[WhiteElo "1763"]
[BlackElo "1000"]
[PlyCount "52"]
[EventDate "2015.??.??"]

1. d4 d5 2. c4 Nf6 3. Nc3 g6 4. Nf3 Nc6 5. e3 Bf5 6. Be2 Bg7 7. O-O O-O 8. a3
b6 9. Bd2 e6 10. Rc1 a5 11. Qa4 Qd7 12. cxd5 Nb8 13. Qxd7 Nbxd7 14. dxe6 fxe6
15. b4 Rfb8 16. bxa5 bxa5 17. Nb5 Ne4 18. a4 Ra7 19. Nxa7 Rb2 20. Bb5 Nxd2 21.
Nxd2 Rxd2 22. Bxd7 Bf8 23. Nc6 Kg7 24. Ne5 Bd6 25. Nc4 Bb4 26. Nxd2 c6 1-0

[Event "Kvinde-DM 2015"]
[Site "Svendborg"]
[Date "2015.04.01"]
[Round "2.1"]
[White "Vangsgaard, Freja"]
[Black "Olsen, Miriam Frida"]
[Result "1/2-1/2"]
[WhiteElo "1792"]
[BlackElo "2012"]
[PlyCount "73"]
[EventDate "2015.??.??"]

1. d4 Nf6 2. c4 g6 3. Nc3 Bg7 4. e4 d6 5. f3 O-O 6. Be3 c5 7. Nge2 Nc6 8. d5
Na5 9. Ng3 e6 10. Be2 a6 11. O-O exd5 12. exd5 Qe7 13. Qd2 Nd7 14. Rac1 Ne5 15.
b3 Re8 16. Nce4 b6 17. Rfe1 Nb7 18. Rb1 f5 19. Bg5 Qf8 20. Nf2 Nf7 21. Be3 Bf6
22. f4 Qg7 23. Qd3 b5 24. Bc1 Bd7 25. Qd2 Bc3 26. Qd1 Bxe1 27. Qxe1 Qd4 28. Kh1
bxc4 29. bxc4 Na5 30. Bb2 Qxf4 31. Nh3 Qe3 32. Qxa5 f4 33. Bc1 Qd4 34. Bb2 Qe3
35. Bc1 Qd4 36. Bb2 Qe3 37. Bc1 1/2-1/2

[Event "Kvinde-DM 2015"]
[Site "Svendborg"]
[Date "2015.04.01"]
[Round "2.2"]
[White "Baliuniene, Margarita"]
[Black "Frank Nielsen, Marie"]
[Result "0-1"]
[WhiteElo "1949"]
[BlackElo "1887"]
[PlyCount "76"]
[EventDate "2015.??.??"]

1. d4 Nf6 2. c4 g6 3. Nc3 Bg7 4. e4 d6 5. Nf3 O-O 6. Be2 Nbd7 7. O-O e5 8. d5
Nc5 9. Qc2 a5 10. Be3 Nh5 11. Bxc5 dxc5 12. Rad1 Nf4 13. d6 cxd6 14. Nb5 Ra6
15. g3 Ne6 16. Rd2 Nd4 17. Nfxd4 exd4 18. f4 f5 19. Bf3 Kh8 20. Re1 fxe4 21.
Bxe4 Ra8 22. Qd1 Rb8 23. Qf3 Qf6 24. h4 h5 25. Qd3 Bf5 26. Bxf5 gxf5 27. Rde2
Qg6 28. Kh2 b6 29. Nc7 Bf6 30. Re6 Qg4 31. Nd5 Bd8 32. Ne7 Bxe7 33. Rxe7 Rf6
34. Rd7 Rg6 35. Ree7 Kg8 36. Rb7 Rxb7 37. Rxb7 Re6 38. Qd2 Re2+ 0-1

[Event "Kvinde-DM 2015"]
[Site "Svendborg"]
[Date "2015.04.01"]
[Round "2.3"]
[White "Dalsberg, Sandra de Blecourt"]
[Black "Kakulidis, Ellen"]
[Result "1-0"]
[WhiteElo "2105"]
[BlackElo "1763"]
[PlyCount "125"]
[EventDate "2015.??.??"]

1. d4 e6 2. c4 Nf6 3. Nc3 d5 4. cxd5 exd5 5. Bg5 Be7 6. Qc2 c6 7. e3 O-O 8. Bd3
Nbd7 9. h3 Re8 10. Nf3 Nf8 11. O-O-O Ne4 12. Bxe7 Qxe7 13. Bxe4 dxe4 14. Nd2 f5
15. g4 Nd7 16. Qb3+ Kh8 17. gxf5 Nf6 18. Rdg1 Bxf5 19. Rg5 Be6 20. Qd1 Bd5 21.
Rhg1 Rg8 22. Re5 Qf7 23. Qa4 Nd7 24. Reg5 b5 25. Qa3 a5 26. Qd6 Nf6 27. Qg3 Ra7
28. Kb1 b4 29. Nxd5 cxd5 30. Rc1 h6 31. Qh4 Nh7 32. Rgg1 Rc7 33. Qg3 Rgc8 34.
Nb3 Rxc1+ 35. Rxc1 Rxc1+ 36. Kxc1 a4 37. Nc5 a3 38. bxa3 bxa3 39. Kd2 Qa7 40.
Ke2 Qb6 41. Kf1 Ng5 42. Kg2 Nf3 43. Nd7 Ne1+ 44. Kh2 Qb1 45. Qb8+ Qxb8+ 46.
Nxb8 Nd3 47. Nc6 g5 48. Kg3 Kg7 49. f3 Kf7 50. fxe4 dxe4 51. Kg4 Kf6 52. Kh5
Nc1 53. Nb4 Nd3 54. Nc2 Kg7 55. Nxa3 Nb4 56. Nc4 Nxa2 57. Nd6 Nc3 58. Nf5+ Kf6
59. Nxh6 Nd5 60. Ng4+ Kf5 61. Kh6 Ne7 62. Kg7 Ng6 63. Nh6+ 1-0

[Event "Kvinde-DM 2015"]
[Site "Svendborg"]
[Date "2015.04.01"]
[Round "2.4"]
[White "Lund, Kirsten"]
[Black "Nilssen, Ellen Fredericia"]
[Result "0-1"]
[WhiteElo "1338"]
[BlackElo "1700"]
[PlyCount "62"]
[EventDate "2015.??.??"]

1. b3 e6 2. Bb2 Nf6 3. c4 b6 4. Nc3 Bb7 5. e3 c5 6. Nf3 Be7 7. Be2 O-O 8. O-O
a6 9. Qc2 Qc7 10. e4 Nc6 11. a3 Nd4 12. Qd1 Ng4 13. g3 Nxe2+ 14. Qxe2 f5 15.
exf5 Rxf5 16. Ne1 Qc6 17. f3 Ne5 18. Qe4 Nxf3+ 19. Nxf3 Qxe4 20. Nxe4 Bxe4 21.
Ne5 d6 22. Ng4 Raf8 23. Ne3 Rxf1+ 24. Rxf1 Rxf1+ 25. Kxf1 Bf6 26. Nd1 Bc2 27.
Nc3 Bxb3 28. d3 b5 29. cxb5 axb5 30. Ke2 b4 31. Nd1 Bxd1+ 0-1

[Event "Kvinde-DM 2015"]
[Site "Svendborg"]
[Date "2015.04.01"]
[Round "2.5"]
[White "Wul, Lene"]
[Black "Moller, Elisabeth Mechlenburg"]
[Result "0-1"]
[WhiteElo "1000"]
[BlackElo "1201"]
[PlyCount "76"]
[EventDate "2015.??.??"]

1. d4 Nf6 2. Nf3 g6 3. Bf4 Bg7 4. e3 d6 5. Be2 O-O 6. O-O c5 7. c4 Ne4 8. Nbd2
Nxd2 9. Qxd2 Nd7 10. b4 b6 11. a3 Bb7 12. b5 Nf6 13. Ng5 h6 14. Nh3 cxd4 15.
exd4 h5 16. g3 d5 17. Rac1 dxc4 18. Rxc4 Qd5 19. f3 Ng4 20. a4 Rfd8 21. Rc7
Bxd4+ 22. Kg2 e5 23. Bg5 Rd7 24. Bc4 Qd6 25. Rxd7 Qxd7 26. Qa2 Ne3+ 27. Bxe3
Bxe3 28. Re1 Bd4 29. Ng5 Rf8 30. Bxf7+ Rxf7 31. Nxf7 Qxf7 32. Qxf7+ Kxf7 33.
Rb1 e4 34. f4 Ke6 35. Kh3 e3 36. Kh4 Kf5 37. Rb4 Bc5 38. a5 Bxb4 0-1

[Event "Kvinde-DM 2015"]
[Site "Svendborg"]
[Date "2015.04.01"]
[Round "2.6"]
[White "Micalizio, Caterina Wul"]
[Black "Lund, Henriette"]
[Result "1-0"]
[WhiteElo "1100"]
[BlackElo "1030"]
[PlyCount "83"]
[EventDate "2015.??.??"]

1. d4 Nf6 2. Nf3 e6 3. c4 b6 4. Nc3 Bb7 5. Bf4 d6 6. e3 Nbd7 7. Bd3 Be7 8. O-O
O-O 9. e4 Nh5 10. Be3 c5 11. Bc2 Ba6 12. b3 Qc7 13. Ng5 g6 14. f4 Bxg5 15. fxg5
Bb7 16. d5 Rae8 17. Qd2 exd5 18. exd5 Ne5 19. Bd1 Ng7 20. Bf4 f6 21. Be2 Bc8
22. gxf6 Rxf6 23. Bxe5 Rxf1+ 24. Rxf1 dxe5 25. Ne4 Qd7 26. Nf6+ Kh8 27. Nxd7
Bxd7 28. Qg5 e4 29. Qe7 Bf5 30. Qd6 e3 31. g4 Kg8 32. gxf5 gxf5 33. Qg3 Kh8 34.
Rf3 Rg8 35. Kh1 Nh5 36. Qe5+ Ng7 37. Qxe3 Re8 38. Rxf5 Kg8 39. Qg3 Rxe2 40. Re5
Rxe5 41. Qxe5 h6 42. d6 1-0

[Event "Kvinde-DM 2015"]
[Site "Svendborg"]
[Date "2015.04.02"]
[Round "3.1"]
[White "Frank Nielsen, Marie"]
[Black "Dalsberg, Sandra de Blecourt"]
[Result "0-1"]
[WhiteElo "1887"]
[BlackElo "2105"]
[PlyCount "94"]
[EventDate "2015.??.??"]

1. e4 e6 2. d4 d5 3. Nc3 Nf6 4. e5 Nfd7 5. f4 c5 6. Nf3 Nc6 7. Be3 a6 8. Qd2 b5
9. a3 Qb6 10. Rd1 Bb7 11. Be2 O-O-O 12. O-O g5 13. Nxg5 cxd4 14. Bf2 dxc3 15.
Bxb6 cxd2 16. Bxd8 Bc5+ 17. Kh1 Nxd8 18. Rxd2 f6 19. Nf3 Be3 20. Rd3 Bxf4 21.
exf6 Nxf6 22. Nd4 Be5 23. c3 Rg8 24. Rdf3 Nd7 25. Rh3 Rg7 26. Rh6 Bxd4 27. cxd4
Kc7 28. h3 e5 29. Rc1+ Nc6 30. dxe5 Ndxe5 31. Re6 Kd7 32. Rh6 Ne7 33. Bg4+ Nxg4
34. hxg4 Rxg4 35. Rxh7 d4 36. Rd1 Bxg2+ 37. Kh2 Bd5 38. Re1 Be4 39. Kh3 Bxh7
40. Kxg4 Kd6 41. Rh1 Be4 42. Re1 Kd5 43. b4 Ng6 44. Ra1 d3 45. a4 Kc4 46. axb5
axb5 47. Re1 Kd4 0-1

[Event "Kvinde-DM 2015"]
[Site "Svendborg"]
[Date "2015.04.02"]
[Round "3.2"]
[White "Nilssen, Ellen Fredericia"]
[Black "Vangsgaard, Freja"]
[Result "1/2-1/2"]
[WhiteElo "1700"]
[BlackElo "1792"]
[PlyCount "59"]
[EventDate "2015.??.??"]

1. Nf3 Nf6 2. d4 e6 3. c4 b6 4. a3 Bb7 5. Nc3 d5 6. cxd5 exd5 7. Bf4 Bd6 8. Bg3
O-O 9. e3 Bxg3 10. hxg3 Nbd7 11. Be2 Rc8 12. Rc1 c5 13. Nb5 Ra8 14. O-O Ne4 15.
dxc5 bxc5 16. Nc3 Ndf6 17. Nxe4 Nxe4 18. Nd2 Nxd2 19. Qxd2 Qb6 20. Bf3 Rfd8 21.
Rfd1 h6 22. Qc2 Rac8 23. Qf5 Qe6 24. Qf4 Qd6 25. Qa4 Qb6 26. Rd2 Rd6 27. Qd1
Rcd8 28. Qc2 Qa5 29. Rcd1 Qb5 30. Be2 1/2-1/2

[Event "Kvinde-DM 2015"]
[Site "Svendborg"]
[Date "2015.04.02"]
[Round "3.3"]
[White "Olsen, Miriam Frida"]
[Black "Baliuniene, Margarita"]
[Result "1-0"]
[WhiteElo "2012"]
[BlackElo "1949"]
[PlyCount "83"]
[EventDate "2015.??.??"]

1. e4 c5 2. Nf3 g6 3. d4 cxd4 4. Nxd4 Nc6 5. Nc3 Bg7 6. Nb3 d6 7. Be2 Nf6 8.
O-O O-O 9. Bg5 Be6 10. Kh1 a5 11. a4 h6 12. Bh4 Ne5 13. Nd4 Bc4 14. f4 Bxe2 15.
Qxe2 Nc6 16. Ndb5 Rc8 17. Rad1 Qe8 18. Nd5 Nxd5 19. exd5 g5 20. dxc6 gxh4 21.
cxb7 Rb8 22. Rfe1 Qc6 23. c3 Rxb7 24. Qg4 f5 25. Qxh4 Rf6 26. Qh5 Qc4 27. Qf3
Qc8 28. Qd5+ Kh7 29. Re2 Bf8 30. Rde1 Rb6 31. Nd4 Qc5 32. Rxe7+ Kh8 33. Qa8
Rxb2 34. Re8 d5 35. Ne6 Qxc3 36. Rxf8+ Rxf8 37. Qxf8+ Kh7 38. Qf7+ Kh8 39. Qe8+
Kh7 40. Qf7+ Kh8 41. Qf8+ Kh7 42. Ng5+ 1-0

[Event "Kvinde-DM 2015"]
[Site "Svendborg"]
[Date "2015.04.02"]
[Round "3.4"]
[White "Kakulidis, Ellen"]
[Black "Micalizio, Caterina Wul"]
[Result "1-0"]
[WhiteElo "1763"]
[BlackElo "1100"]
[PlyCount "69"]
[EventDate "2015.??.??"]

1. d4 d5 2. c4 e6 3. Nc3 Nf6 4. cxd5 Nxd5 5. e4 Nxc3 6. bxc3 c5 7. Nf3 Be7 8.
Be2 O-O 9. O-O f6 10. Be3 b6 11. Qb3 Kh8 12. Rfd1 Qc7 13. d5 Bd6 14. h3 Re8 15.
c4 Qf7 16. Qd3 Nd7 17. a4 Ne5 18. Nxe5 Bxe5 19. Ra2 Qg6 20. Kf1 Bh2 21. Bf3 e5
22. a5 Bd7 23. Rda1 Red8 24. axb6 Qe8 25. Rxa7 Rdb8 26. b7 Rxa7 27. Rxa7 Rxb7
28. Rxb7 h6 29. Qa3 Qc8 30. Qa7 Bxh3 31. Rb8 Qxb8 32. Qxb8+ Kh7 33. gxh3 Bf4
34. Bg4 g6 35. Be6 1-0

[Event "Kvinde-DM 2015"]
[Site "Svendborg"]
[Date "2015.04.02"]
[Round "3.5"]
[White "Moller, Elisabeth Mechlenburg"]
[Black "Lund, Kirsten"]
[Result "1-0"]
[WhiteElo "1201"]
[BlackElo "1338"]
[PlyCount "121"]
[EventDate "2015.??.??"]

1. e4 d5 2. exd5 Nf6 3. Nc3 Nxd5 4. Nxd5 Qxd5 5. d4 Nc6 6. Nf3 e6 7. Be3 b6 8.
g3 Bb7 9. Bg2 Qb5 10. Ne5 Na5 11. Bxb7 Nxb7 12. Qf3 O-O-O 13. Nxf7 Bb4+ 14. c3
Rhf8 15. cxb4 Qxb4+ 16. Kf1 Qc4+ 17. Kg2 Rde8 18. Ne5 Qc2 19. Qc6 Qf5 20. Rac1
Re7 21. Qf3 Qxf3+ 22. Nxf3 h6 23. Ne5 Ree8 24. Nc6 a5 25. Na7+ Kb8 26. Nb5 Rf7
27. Bf4 Rc8 28. Rc6 Nd8 29. Rxb6+ Ka8 30. Ra6+ Kb7 31. Rxa5 Nc6 32. Ra3 Rd8 33.
Rd1 e5 34. Be3 Rfd7 35. d5 Rxd5 36. Rxd5 Rxd5 37. Nc3 Rd3 38. Ne4 Rxa3 39. bxa3
Nd4 40. Bxd4 exd4 41. Kf3 Kb6 42. Ke2 c5 43. Kd3 Kb5 44. a4+ Kxa4 45. Nxc5+ Ka3
46. Kxd4 Kxa2 47. Ke5 Kb2 48. f4 Kc3 49. h4 Kc4 50. Ne6 g6 51. Nf8 g5 52. fxg5
hxg5 53. hxg5 Kc5 54. g6 Kc6 55. g7 Kc7 56. g8=Q Kb6 57. Qc4 Kb7 58. Kd6 Ka8
59. Qb4 Ka7 60. Kc6 Ka8 61. Qb7# 1-0

[Event "Kvinde-DM 2015"]
[Site "Svendborg"]
[Date "2015.04.02"]
[Round "3.6"]
[White "Lund, Henriette"]
[Black "Wul, Lene"]
[Result "1-0"]
[WhiteElo "1030"]
[BlackElo "1000"]
[PlyCount "57"]
[EventDate "2015.??.??"]

1. d4 Nc6 2. c4 e6 3. a3 d5 4. e3 Nf6 5. Nc3 Be7 6. Nf3 O-O 7. Bd3 b6 8. O-O
Bb7 9. Re1 Bd6 10. cxd5 exd5 11. e4 Ne7 12. e5 Ng4 13. Bxh7+ Kh8 14. Ng5 Qd7
15. exd6 cxd6 16. Rxe7 Qxe7 17. Bd2 Bc8 18. Nxd5 Qb7 19. Be4 g6 20. Bc3 Nxf2
21. Kxf2 f6 22. Nf3 f5 23. Nb4 Qxe4 24. d5+ Kh7 25. Ng5+ Kg8 26. Nxe4 fxe4+ 27.
Ke3 Bf5 28. Qd4 Kh7 29. Qg7# 1-0

[Event "Kvinde-DM 2015"]
[Site "Svendborg"]
[Date "2015.04.03"]
[Round "4.1"]
[White "Dalsberg, Sandra de Blecourt"]
[Black "Olsen, Miriam Frida"]
[Result "1-0"]
[WhiteElo "2105"]
[BlackElo "2012"]
[PlyCount "99"]
[EventDate "2015.??.??"]

1. d4 Nf6 2. Bg5 e6 3. e4 h6 4. Bxf6 Qxf6 5. Nc3 d6 6. Qd2 g5 7. O-O-O Bg7 8.
Nb5 Qe7 9. f4 a6 10. Nc3 gxf4 11. Nh3 Nc6 12. d5 Nd4 13. Nxf4 h5 14. Kb1 e5 15.
Nfe2 Bg4 16. h3 Bxe2 17. Bxe2 Nxe2 18. Nxe2 h4 19. Rhf1 O-O-O 20. Rf5 Bh6 21.
Qd3 Rdg8 22. Qf3 Rg7 23. Rh5 Kb8 24. g3 hxg3 25. Nxg3 Rg5 26. Rf1 Rxh5 27. Qxh5
Qg5 28. Qf3 Qf4 29. Nh5 Qh4 30. Qg4 Bg5 31. Qxh4 Bxh4 32. Ng7 Bg5 33. Rf3 Rh4
34. c3 Rxe4 35. Rxf7 Re3 36. Ne6 Bh6 37. h4 Rh3 38. Nxc7 Rxh4 39. Ne8 Rh1+ 40.
Kc2 e4 41. Nxd6 Rh2+ 42. Kb3 Bc1 43. Rxb7+ Ka8 44. Re7 Rxb2+ 45. Kc4 e3 46. Nf5
Rxa2 47. Nd4 Ra4+ 48. Kd3 Ra5 49. Nc6 Rxd5+ 50. Ke4 1-0

[Event "Kvinde-DM 2015"]
[Site "Svendborg"]
[Date "2015.04.03"]
[Round "4.2"]
[White "Kakulidis, Ellen"]
[Black "Frank Nielsen, Marie"]
[Result "1/2-1/2"]
[WhiteElo "1763"]
[BlackElo "1887"]
[PlyCount "77"]
[EventDate "2015.??.??"]

1. d4 Nf6 2. c4 g6 3. Nc3 Bg7 4. Bg5 d6 5. Nf3 h6 6. Bh4 g5 7. Bg3 Nh5 8. e3
Nxg3 9. hxg3 Bg4 10. Qc2 Nc6 11. a3 Qd7 12. Be2 a6 13. Rc1 e5 14. d5 Ne7 15. b4
Bf5 16. Qd1 Bg6 17. Nd2 O-O 18. g4 Rac8 19. e4 c6 20. O-O Qc7 21. Qb3 Kh7 22.
Bf3 Ng8 23. Ne2 Nf6 24. Ng3 Rh8 25. Nf5 Kg8 26. Qb2 Bxf5 27. gxf5 g4 28. Be2 h5
29. Rfe1 h4 30. Bd3 Bh6 31. Rc2 Kf8 32. Nf1 Ke7 33. g3 Rcg8 34. Ree2 Bg5 35.
Ne3 hxg3 36. fxg3 Rh3 37. Nf1 Rgh8 38. Kf2 c5 39. Ke1 1/2-1/2

[Event "Kvinde-DM 2015"]
[Site "Svendborg"]
[Date "2015.04.03"]
[Round "4.3"]
[White "Vangsgaard, Freja"]
[Black "Moller, Elisabeth Mechlenburg"]
[Result "1-0"]
[WhiteElo "1792"]
[BlackElo "1201"]
[PlyCount "59"]
[EventDate "2015.??.??"]

1. d4 Nf6 2. c4 g6 3. Nc3 d5 4. e3 Bg7 5. Bd3 O-O 6. Nf3 c5 7. O-O Nc6 8. cxd5
Nxd5 9. Be4 Nxc3 10. bxc3 cxd4 11. cxd4 Qd7 12. Qc2 Nb4 13. Qc4 a5 14. Ba3 Qa4
15. Bxb4 Be6 16. Qc2 axb4 17. Qxa4 Rxa4 18. Bxb7 Rb8 19. Be4 Rxa2 20. Rfb1 Rxa1
21. Rxa1 Bf5 22. Bxf5 gxf5 23. Kf1 Kf8 24. Ke2 Ke8 25. Kd3 e6 26. Rb1 Kd7 27.
Rb2 Kc6 28. Kc4 Bf8 29. Ne5+ Kb6 30. Nd7+ 1-0

[Event "Kvinde-DM 2015"]
[Site "Svendborg"]
[Date "2015.04.03"]
[Round "4.4"]
[White "Micalizio, Caterina Wul"]
[Black "Nilssen, Ellen Fredericia"]
[Result "0-1"]
[WhiteElo "1100"]
[BlackElo "1700"]
[PlyCount "44"]
[EventDate "2015.??.??"]

1. d4 e6 2. Nf3 Nf6 3. g3 d5 4. Bg2 c5 5. O-O Nc6 6. b3 Be7 7. Bb2 O-O 8. Nbd2
b6 9. c4 Bb7 10. Ne5 Nxd4 11. Ndf3 Nxf3+ 12. Bxf3 Qc7 13. e3 Rad8 14. Qe1 Bd6
15. Ng4 Nxg4 16. Bxg4 dxc4 17. Qc3 f5 18. Be2 cxb3 19. axb3 a5 20. Rfd1 Rf7 21.
Rd2 Qc6 22. Bf1 Qh1# 0-1

[Event "Kvinde-DM 2015"]
[Site "Svendborg"]
[Date "2015.04.03"]
[Round "4.5"]
[White "Baliuniene, Margarita"]
[Black "Lund, Henriette"]
[Result "1-0"]
[WhiteElo "1949"]
[BlackElo "1030"]
[PlyCount "89"]
[EventDate "2015.??.??"]

1. d4 Nf6 2. c4 e6 3. Nf3 b6 4. Bg5 Ba6 5. e3 Be7 6. Nbd2 O-O 7. Bd3 d5 8. O-O
Nbd7 9. Rc1 c5 10. Re1 Re8 11. Ne5 Bb7 12. Ndf3 Ne4 13. Bxe7 Qxe7 14. Nxd7 Qxd7
15. Ne5 Qe7 16. f3 Nf6 17. Qa4 Rec8 18. a3 Rc7 19. b4 Qe8 20. Qxe8+ Nxe8 21.
cxd5 Bxd5 22. dxc5 bxc5 23. Rxc5 Rxc5 24. bxc5 Rb8 25. e4 Ba8 26. Rc1 f6 27.
Nd7 Rb3 28. Bc4 Rb2 29. Bxe6+ Kh8 30. c6 Nc7 31. Bd5 h6 32. Nf8 g5 33. Ne6 Bxc6
34. Rxc6 Nxe6 35. Rxe6 Rb6 36. Rxb6 axb6 37. Kf2 Kg7 38. Ke3 Kf8 39. Kd4 Ke7
40. e5 fxe5+ 41. Kxe5 Kf8 42. Kf6 Ke8 43. Kg6 Ke7 44. Kxh6 Kd6 45. Bb3 1-0

[Event "Kvinde-DM 2015"]
[Site "Svendborg"]
[Date "2015.04.03"]
[Round "4.6"]
[White "Lund, Kirsten"]
[Black "Wul, Lene"]
[Result "1-0"]
[WhiteElo "1338"]
[BlackElo "1000"]
[PlyCount "93"]
[EventDate "2015.??.??"]

1. b3 e5 2. Bb2 Nc6 3. e3 d6 4. c4 f6 5. Bd3 Nge7 6. a3 Be6 7. Nc3 Qd7 8. b4
Rb8 9. Qa4 a6 10. b5 Na7 11. Qd1 Nf5 12. Qh5+ Bf7 13. Qxf5 Qxf5 14. Bxf5 c6 15.
b6 Nc8 16. Na4 Bxc4 17. Bxc8 Bb3 18. Bg4 Bxa4 19. Ne2 g5 20. Nc3 Bc2 21. Rc1
Bd3 22. h4 Bg7 23. Be2 Bg6 24. g4 O-O 25. h5 Rf7 26. hxg6 hxg6 27. Ne4 Rd8 28.
d3 f5 29. Nxg5 Re7 30. gxf5 gxf5 31. Rg1 Rde8 32. Kd2 f4 33. e4 Bh6 34. Nf3+
Kh7 35. Rg4 Rg7 36. Rcg1 Reg8 37. Rxg7+ Rxg7 38. Rxg7+ Kxg7 39. Ke1 Kf8 40. Nh4
Kg8 41. Nf5 Bf8 42. f3 c5 43. Bd1 Kh7 44. Bb3 Kg6 45. Bd5 Kf6 46. Bxb7 d5 47.
Bxd5 1-0

[Event "Kvinde-DM 2015"]
[Site "Svendborg"]
[Date "2015.04.05"]
[Round "6.1"]
[White "Dalsberg, Sandra de Blecourt"]
[Black "Moller, Elisabeth Mechlenburg"]
[Result "1-0"]
[WhiteElo "2105"]
[BlackElo "1201"]
[PlyCount "27"]
[EventDate "2015.??.??"]

1. d4 Nf6 2. Bg5 e6 3. e4 Be7 4. e5 Nd5 5. Bxe7 Nxe7 6. Nc3 O-O 7. Nf3 b6 8.
Bd3 Bb7 9. Ng5 Ng6 10. Qg4 Na6 11. h4 f6 12. Nxh7 Ne7 13. Nxf6+ Rxf6 14. exf6
1-0

[Event "Kvinde-DM 2015"]
[Site "Svendborg"]
[Date "2015.04.05"]
[Round "6.2"]
[White "Frank Nielsen, Marie"]
[Black "Olsen, Miriam Frida"]
[Result "1/2-1/2"]
[WhiteElo "1887"]
[BlackElo "2012"]
[PlyCount "42"]
[EventDate "2015.??.??"]

1. e4 c5 2. Nf3 Nc6 3. d4 cxd4 4. Nxd4 e6 5. Nc3 a6 6. Be3 Qc7 7. Qd2 Nf6 8. f3
Bb4 9. O-O-O Na5 10. g4 d6 11. Kb1 Bxc3 12. Qxc3 Qxc3 13. bxc3 b5 14. Bc1 Nd7
15. Ba3 Nb7 16. Bg2 Ne5 17. Rhe1 Nc4 18. Bc1 Nc5 19. h3 Na4 20. Rd3 Nc5 21.
Rdd1 Na4 1/2-1/2

[Event "Kvinde-DM 2015"]
[Site "Svendborg"]
[Date "2015.04.05"]
[Round "6.3"]
[White "Baliuniene, Margarita"]
[Black "Nilssen, Ellen Fredericia"]
[Result "1-0"]
[WhiteElo "1949"]
[BlackElo "1700"]
[PlyCount "63"]
[EventDate "2015.??.??"]

1. d4 e6 2. c4 d5 3. Nc3 Be7 4. Nf3 Nf6 5. Bg5 O-O 6. e3 c6 7. Bd3 Nbd7 8. O-O
h6 9. Bh4 Nh5 10. Bxe7 Qxe7 11. Ne5 Nhf6 12. f4 dxc4 13. Bxc4 Nxe5 14. fxe5 Nd7
15. Ne4 f6 16. exf6 Nxf6 17. Nxf6+ Rxf6 18. Rxf6 Qxf6 19. Qg4 Bd7 20. Rf1 Qe7
21. h3 Rf8 22. Rxf8+ Kxf8 23. Qf4+ Kg8 24. Qb8+ Kf7 25. Qxb7 Kf6 26. a3 a5 27.
Qb6 e5 28. d5 a4 29. dxc6 Qd6 30. Qd8+ Kg6 31. Qxd7 Qc5 32. Bf7+ 1-0

[Event "Kvinde-DM 2015"]
[Site "Svendborg"]
[Date "2015.04.05"]
[Round "6.5"]
[White "Wul, Lene"]
[Black "Vangsgaard, Freja"]
[Result "0-1"]
[WhiteElo "1000"]
[BlackElo "1792"]
[PlyCount "76"]
[EventDate "2015.??.??"]

1. d4 Nf6 2. Nf3 e6 3. Bf4 d5 4. e3 Be7 5. Bd3 O-O 6. O-O Nh5 7. Bg5 Bxg5 8.
Nxg5 Qxg5 9. g3 g6 10. Be2 Ng7 11. Qd3 Nd7 12. f4 Qe7 13. c3 c5 14. b4 cxb4 15.
c4 dxc4 16. Qxc4 Nb6 17. Qb5 Bd7 18. Qd3 a6 19. Nd2 Bb5 20. Nc4 Bxc4 21. Qd1
Bxe2 22. Qxe2 Nd5 23. Rfc1 Rac8 24. Rc2 Rc3 25. Rac1 Rxe3 26. Qf2 Rc3 27. Qd2
Rfc8 28. Kf2 R8c6 29. Ke1 Qc7 30. Kf2 Rxc2 31. Rxc2 Rxc2 32. Qe2 Rxe2+ 33. Kxe2
Qc2+ 34. Ke1 Qxa2 35. h4 b3 36. f5 Nxf5 37. g4 Ng3 38. h5 Qe2# 0-1

[Event "Kvinde-DM 2015"]
[Site "Svendborg"]
[Date "2015.04.05"]
[Round "6.6"]
[White "Micalizio, Caterina Wul"]
[Black "Lund, Kirsten"]
[Result "1-0"]
[WhiteElo "1100"]
[BlackElo "1338"]
[PlyCount "57"]
[EventDate "2015.??.??"]

1. d4 b6 2. Nf3 Bb7 3. g3 e6 4. Bg2 c5 5. O-O h6 6. e3 Nf6 7. b3 Qc7 8. Ne5
Bxg2 9. Kxg2 Qb7+ 10. Kg1 d6 11. Nf3 Ne4 12. Bb2 Nd7 13. c4 Ndf6 14. d5 e5 15.
Nbd2 Qd7 16. Nxe4 Nxe4 17. Nd2 Ng5 18. f4 Nh3+ 19. Kg2 exf4 20. exf4 f5 21.
Qh5+ Qf7 22. Qxh3 O-O-O 23. Rae1 Rg8 24. Rf2 g5 25. fxg5 Rxg5 26. Nf3 Rh5 27.
Nh4 Kb7 28. g4 fxg4 29. Rxf7+ 1-0